पहाट झाली (Record no. 249576)

MARC details
000 -LEADER
fixed length control field 00497nam a2200169Ia 4500
008 - FIXED-LENGTH DATA ELEMENTS--GENERAL INFORMATION
fixed length control field 090201s9999 xx 000 0 und d
010 ## - LIBRARY OF CONGRESS CONTROL NUMBER
LC control number KPL-2347
040 ## - CATALOGING SOURCE
Language of cataloging मराठी
041 ## - LANGUAGE CODE
Language code of text/sound track or separate title मराठी
082 ## - DEWEY DECIMAL CLASSIFICATION NUMBER
Classification number 53152
Item number 2347
100 ## - MAIN ENTRY--PERSONAL NAME
Personal name शरद पवार
245 ## - TITLE STATEMENT
Title पहाट झाली
Statement of responsibility, etc शरद पवार
260 ## - PUBLICATION, DISTRIBUTION, ETC. (IMPRINT)
Date of publication, distribution, etc 1955
Name of publisher, distributor, etc यूगवाणी प्रकाशन
300 ## - PHYSICAL DESCRIPTION
Extent 101
Other physical details मोठा
600 ## - SUBJECT ADDED ENTRY--PERSONAL NAME
Personal name पहाट झाली
942 ## - ADDED ENTRY ELEMENTS (KOHA)
Koha item type Book
Holdings
Withdrawn status Lost status Damaged status Not for loan Home library Current library Date acquired Cost, normal purchase price Total Checkouts Barcode Date last seen Copy number Cost, replacement price Price effective from Koha item type
        Sarvajanik Wachanalaya, Kalyan Sarvajanik Wachanalaya, Kalyan   6.00   KPL-2347 02/01/2009 1 6.00 02/01/2009 Book